| 000 | 01188nam a22002537a 4500 | ||
|---|---|---|---|
| 005 | 20170124103205.0 | ||
| 010 | _aA-975517 | ||
| 020 |
_c400.00 _a8170561493 |
||
| 035 | _aA-975517 | ||
| 037 | _bCen Lib/Ret | ||
| 040 |
_aDPL _bHN |
||
| 082 |
_a307.72 _bशर्मावी |
||
| 100 |
_aशर्मा, वीरेन्द्र प्रकाश _942563 |
||
| 245 |
_aग्रामीण समाजशास्त्र / _cवीरेन्द्र प्रकाश शर्मा |
||
| 246 |
_aGrameen samajshastr / _bby Virendra Prakash Sharma |
||
| 260 |
_aजयपुर _bपंचशील प्रकाशन _c1999 |
||
| 270 |
_bजयपुर _aफिल्म कॉलोनी, चौड़ा रास्ता _e302 003 |
||
| 300 |
_a567पृ. _c20सेमी(सजिल्द) |
||
| 650 |
_aग्रामीण भारत -- सामाजिक समस्याएँ _993362 |
||
| 650 |
_aग्रामीण शक्ति संरचना _91886 |
||
| 650 |
_aRural India - Social Problems _993363 |
||
| 650 |
_aRural power structure _973102 |
||
| 942 |
_2ddc _cHN _h307.72 _mशर्मावी |
||
| 999 |
_c120912 _d120912 |
||